[Event "Gora Sw Anny op 1st"]
[Site "Gora Sw Anny"]
[Date "2008.02.24"]
[Round "9"]
[White "Olszowski, Andrzej"]
[Black "Matusiak, Kamil"]
[Result "1-0"]
[WhiteElo "1897"]
[BlackElo "1400"]
[PlyCount "39"]
[EventDate "2008.02.18"]
[EventType "swiss"]
[EventRounds "9"]
[EventCountry "POL"]
[SourceTitle "CBM 122 Extra"]
[Source "ChessBase"]
[SourceDate "2008.03.04"]
[SourceVersion "1"]
[SourceVersionDate "2008.03.04"]
[SourceQuality "1"]

1. d4 c5 2. d5 d6 3. c4 g6 4. Nc3 a6 5. e4 Bg7 6. Be3 Nd7 7. f4 Nb6 8. Nf3 e6 9. Be2 Ne7 10. 0-0 0-0 11. Qc2 f5 12. e5 exd5 13. cxd5 Nbxd5 14. Nxd5 Nxd5 15. Bc4 Be6 16. Qb3 Nxe3 17. Bxe6+ Kh8 18. Qxe3 dxe5 19. Nxe5 Re8 20. Nf7+ 1-0

[Event "Gora Sw Anny op 1st"]
[Site "Gora Sw Anny"]
[Date "2008.02.22"]
[Round "7"]
[White "Janocha, Jan"]
[Black "Matusiak, Kamil"]
[Result "1-0"]
[WhiteElo "1805"]
[BlackElo "1400"]
[PlyCount "45"]
[EventDate "2008.02.18"]
[EventType "swiss"]
[EventRounds "9"]
[EventCountry "POL"]
[SourceTitle "CBM 122 Extra"]
[Source "ChessBase"]
[SourceDate "2008.03.04"]
[SourceVersion "1"]
[SourceVersionDate "2008.03.04"]
[SourceQuality "1"]

1. e4 e5 2. Nf3 Nc6 3. Bc4 Nd4 4. 0-0 Bc5 5. Nxe5 Ne6 6. c3 d6 7. Nf3 a6 8. d4 Ba7 9. Be3 b5 10. Bxe6 fxe6 11. e5 Ne7 12. exd6 cxd6 13. Nbd2 0-0 14. Ng5 h6 15. Nge4 Nd5 16. Qe2 Nxe3 17. fxe3 Bb7 18. Qg4 e5 19. Qe6+ Kh8 20. Nxd6 Bc8 21. Rxf8+ Qxf8 22. Nxc8 exd4 23. Nxa7 1-0

[Event "Gora Sw Anny op 1st"]
[Site "Gora Sw Anny"]
[Date "2008.02.22"]
[Round "6"]
[White "Matusiak, Kamil"]
[Black "Weber, Dawid"]
[Result "1/2-1/2"]
[WhiteElo "1400"]
[BlackElo "1400"]
[PlyCount "74"]
[EventDate "2008.02.18"]
[EventType "swiss"]
[EventRounds "9"]
[EventCountry "POL"]
[SourceTitle "CBM 122 Extra"]
[Source "ChessBase"]
[SourceDate "2008.03.04"]
[SourceVersion "1"]
[SourceVersionDate "2008.03.04"]
[SourceQuality "1"]

1. c4 f5 2. Nc3 Nf6 3. g3 g6 4. Bg2 Bg7 5. Nf3 0-0 6. 0-0 d6 7. d4 c6 8. Bg5 Re8 9. Re1 Nbd7 10. Qd2 e5 11. d5 Qb6 12. Rab1 a5 13. a3 Ng4 14. e4 h6 15. Be3 Nxe3 16. Qxe3 Qxe3 17. Rxe3 f4 18. Re2 Nf6 19. a4 c5 20. Nb5 Rd8 21. b3 b6 22. h3 g5 23. g4 Kh7 24. Nd2 Ne8 25. Rf1 Rd7 26. Nb1 Ba6 27. N1c3 Nc7 28. Nxc7 Rxc7 29. f3 Kg6 30. Kf2 Rh8 31. Rh1 Bf6 32. Ree1 h5 33. Ke2 hxg4 34. hxg4 Rch7 35. Nd1 Bc8 36. Nc3 Ba6 37. Nb1 Kg7 1/2-1/2